| Поле | Инд. | ПП | Название | Значение |
|---|---|---|---|---|
| Тип записи | a | |||
| Библиографический уровень | b | |||
| 001 | Контрольный номер | 98d9fc319fe241d9b95c3013f24dead3 | ||
| 005 | Дата корректировки | 20200630193251.3 | ||
| 008 | Кодируемые данные | 20170331 | ||
| 040 | b | Код языка каталог. | rus | |
| e | Правила каталог. | PSBO | ||
| 041 | 0_ | a | Код языка текста | rus |
| 084 | a | Индекс другой классификации/Индекс ББК | 67.404.213(2Рос) | |
| 100 | 1_ | a | Автор | Караваев Н. В. |
| 100 | 1_ | a | Автор | Бармина О. Н. |
| 245 | 10 | a | Заглавие | Детский туризм и отдых в России: проблемы правового регулирования и перспективы совершенствования |
| 650 | 14 | a | Основная рубрика | право; гражданское право; договорное право; обязательственное право |
| 653 | 0_ | a | Ключевые слова | гражданское законодательство |
| a | Ключевые слова | дети | ||
| a | Ключевые слова | детские лагеря | ||
| a | Ключевые слова | детский туризм | ||
| a | Ключевые слова | коллизии | ||
| a | Ключевые слова | нормативные правовые акты | ||
| a | Ключевые слова | организация отдыха | ||
| a | Ключевые слова | предоставление услуг | ||
| a | Ключевые слова | Россия | ||
| a | Ключевые слова | федеральные законы | ||
| 773 | 08 | t | Заглавие источника | Российская юстиция |
| d | Дата издания источника | 2020 | ||
| g | Прочая информация | № 2. - С. 40 - 44 | ||
| w | Контрольный № источника | bd79b8de93a941129b7f256c84795769 | ||
| 901 | t | Тип документа | b |